Vista normal
Vista MARC
Entrada Materia (personas)
Número de registros utilizados en: 3
001 - CONTROL NUMBER
- control field: 41713
003 - CONTROL NUMBER IDENTIFIER
- control field: Co-BoUCM
005 - DATE AND TIME OF LATEST TRANSACTION
- control field: 20130729151939.0
008 - FIXED-LENGTH DATA ELEMENTS
- fixed length control field: 130729|| aca||aabn | a|a d
040 ## - CATALOGING SOURCE
- Original cataloging agency: Co-BoUCM
- Transcribing agency: Co-BoUCM
100 ## - HEADING--PERSONAL NAME
- Personal name: Matteson, Michael T.
670 ## - SOURCE DATA FOUND
- Source citation: Work cat.: (Co-BoUCM)51471: Ivancevich, John M. 41711, Comportamiento organizacional, 2006